| 000 | 00552pam a2200169 a 4500 | ||
|---|---|---|---|
| 020 | _a0198287003 | ||
| 020 | _a0198288107 (Pbk) | ||
| 040 | _cDLC | ||
| 082 | 0 | 0 | _a330 OXF 1993 A074 Or. |
| 245 | 0 | 0 | _aCo-integration, error correction, and the econometric analysis of non-stationary data / |
| 260 |
_aNew York : _bOxford University Press, _c1993. |
||
| 300 |
_axiii, 329 p. : _bill. ; _c24 cm. |
||
| 650 | 0 | _aEconometric models. | |
| 700 | 1 | _aBanerjee, Anindya. | |
| 856 | 4 | 2 | _uhttp://www.loc.gov/catdir/enhancements/fy0605/92027344-d.html |
| 942 | _cEK | ||
| 999 |
_c15186 _d15186 |
||